|
|
|
|
| LEADER |
01087nam a2200265 a 4500 |
| 001 |
15304656 |
| 008 |
100222r20092008ne a b 001 0 eng d |
| 010 |
|
|
|a 2008273906
|
| 020 |
|
|
|a 9780123705914 (pbk.)
|
| 020 |
|
|
|a 0123705916 (pbk.)
|
| 020 |
|
|
|a 9788131222935
|
| 040 |
|
|
|a UKM
|c UKM
|d BTCTA
|d BAKER
|d YDXCP
|d OIP
|d IXA
|d DLC
|d BD-DhAAL
|
| 082 |
0 |
4 |
|a 005.434
|2 22
|
| 100 |
1 |
|
|a Herlihy, Maurice.
|
| 245 |
1 |
4 |
|a The art of multiprocessor programming /
|c Maurice Herlihy, Nir Shavit.
|
| 260 |
|
|
|a Amsterdam ;
|a Boston :
|b Elsevier/Morgan Kaufmann, ;
|a New Delhi :
|b Reed Elsevier India,
|c 2008.[Reprinted 2009]
|
| 300 |
|
|
|a xx, 508 p. :
|b ill. ;
|c 24 cm.
|
| 504 |
|
|
|a Includes bibliographical references and index.
|
| 541 |
1 |
|
|e 00019815
|
| 650 |
|
0 |
|a Multiprogramming (Electronic computers)
|
| 650 |
|
0 |
|a Multiprocessors.
|
| 700 |
1 |
|
|a Shavit, Nir,
|d 1959-
|
| 852 |
4 |
|
|a Ayesha Abed Library
|j General shelf
|
| 999 |
|
|
|c 7661
|d 7661
|
| 952 |
|
|
|0 0
|1 0
|2 ddc
|4 0
|6 005_434000000000000_HER_2009
|7 0
|9 8386
|a BRACUL
|b BRACUL
|c GEN
|d 2010-02-22
|l 1
|m 29
|o 005.434 HER
|p 3010019815
|r 2024-11-18
|s 2023-12-28
|t 1
|w 2010-02-22
|y BK
|